• 首页
  • 本馆介绍
  • 公告通知
  • 最新文献
  • 馆藏检索
  • 电子资源
  • 读者导购
  • 参考咨询
  • 我的图书馆
  • 登录
  • 详细信息显示
  • 放入我的书架
  • 预约/预借图书
  • 作者相关作品
  • 分类相关作品
  • 丛书相关作品
  • 出版社相关作品

书目信息

  • 表格格式
  • 工作单格式
  • 卡片格式
题名:
二十世纪世界科技发展大事记
    
 
作者: 哈珀 , Harpur 编著 ;吴文 译
分册:  
出版信息: 北京   科学技术文献出版社  1989.7
页数: 232页
开本: 20厘米
丛书名:
单 册:
中图分类: N11 , N091-62
科图分类:
主题词: 自然科学史-大事记--世界--1900-1982 , 大事记-自然科学史--世界--1900-1982年 , 自然科学史
电子资源:
ISBN: 7-5023-0830-X
000 01108nam0 2200325 45
001 0189005303
005 20040701085644.5
010    @a7-5023-0830-X@dCNY5.15
020    @aCN@b89005303
100    @a19901017d1989 m y0chiy0120 ea
101 1  @achi@ceng
102    @aCN@b110000
105    @ay z 000yy
106    @ar
200 10 @a二十世纪世界科技发展大事记@Aer shi shi ji shi jie ke ji fa zhan da shiji@f(英)哈 珀(Harpur,P.)等编著@F(Ying)Ha Po(Harpur,P.)Deng Bian Zhu@g吴文 等译
210    @a北京@c科学技术文献出版社@d1989.7
215    @a232页@d20厘米
300    @a书名原文:The timetable of technology
510 1  @aThe timetable of technology@zeng
540 1  @a二十世纪 世界 科技 发展 大事记@Aer shi shi ji shi jie ke ji fa zhan da shi ji
606    @a自然科学史-大事记@y世界@z1900-1982
606    @a大事记-自然科学史@y世界@z1900-1982年
606 0  @a自然科学史
690    @aN11@v1980
690    @aN091-62
701  1 @a哈珀@Aha po@bP.@4编著
701 A1 @aHarpur@bP.@4编著
702  0 @a吴文@AWu Wen@4译
801  0 @aCN@bNLC@c19901017
905    @f1@b220635@dN091-62@e70
    
    二十世纪世界科技发展大事记/(英)哈 珀(Harpur,P.)等编著/吴文 等译.-北京:科学技术文献出版社,1989.7
    232页;20厘米
    书名原文:The timetable of technology
    
    ISBN 7-5023-0830-X:CNY5.15
    
●
相关链接 在E读中查询图书 在五车中查询图书 在当当中查询图书 在豆瓣中查询图书


正题名:二十世纪世界科技发展大事记     索取号:N091-62/70         预约/预借

序号 登录号 条形码 馆藏地/架位号 状态 备注
1 0220635   001942777   第三借阅区/ [索取号:N091-62/70] 在馆    
2 0220636   202088935   第二样本阅览室/ [索取号:N091-62/70] 在馆    
唐山师范学院图书馆 欢迎您!
大连网信软件有限公司© 版权所有